| 000 | 00394nam a2200145Ia 4500 | ||
|---|---|---|---|
| 008 | 150201s2001 xx 000 0 und d | ||
| 082 |
_a617.6 _bM2001S |
||
| 100 | _aK. RAJGOPAL | ||
| 245 | _aMANIPAL MANUAL OF SURGERY FOE DENTAL STUDENTS | ||
| 250 | _a1ST | ||
| 260 |
_bC.B.S PUBLISHERS & DISTRIBUTERS _aDARYAGANJ ( NEW DELHI) _c2001 |
||
| 300 | _a1-326 | ||
| 650 | _aSURGERY | ||
| 942 |
_2ddc _cBK |
||
| 999 |
_c2777 _d2777 |
||